Normal view
MARC view
- Rosales, Osvaldo
Entry Nombre Personal
001 - NUMERO DE CONTROL
- campo de control: 33046
003 - IDENTIFICADOR DE NUMERO DE CONTROL
- campo de control: UPN
005 - FECHA Y HORA DE LA ÜLTIMA TRANSACCIÓN
- campo de control: 20210219194438.0
008 - DATOS DE LONGITUD FIJA
- campo de control de longitud fija: nabaccnnaabn|||||||||| b |nc|||||d
035 ## - NUMERO DE CONTROL
- Número de control: UPN11000005153
040 ## - FUENTE DE CATALOGACIÓN
- Lenguaje de catalogación: SPA
- Agencia de transcripción: UPN
100 1# - ENCABEZAMIENTO - NOMBRE PERSONAL
- Nombre personal: Rosales, Osvaldo
670 ## - FUENTE EN LA QUE SE LOCALIZARON DATOS
- Cita de la fuente: T
- Uniform Resource Identifier: http://cdei.itam.mx/medios_digitales/archivos/eventos_noticias/cv_expositores/Osvaldo_Rosales.pdf
680 ## - NOTA PUBLICA DE ACCESO PÚBLICO
- Frase explicativa de la referencia: Economista, Master en Ciencias Económicas de la Universidad de Chile y Master en Economía, Escolatina, Universidad de Chile. Fungió como investigador y profesor de economía en la Facultad de Economía de la Universidad de Chile.
902 ## - CATALOGADOR
- Catalogador: BDV/240113
